Trapped (Record no. 282364)
[ view plain ]
| 000 -LEADER | |
|---|---|
| fixed length control field | 01624pim a2200349 a 4500 |
| 001 - CONTROL NUMBER | |
| control field | rck90000359 |
| 003 - CONTROL NUMBER IDENTIFIER | |
| control field | CtWfDGI |
| 005 - DATE AND TIME OF LATEST TRANSACTION | |
| control field | 20240123075451.0 |
| 007 - PHYSICAL DESCRIPTION FIXED FIELD--GENERAL INFORMATION | |
| fixed length control field | sd fungnnmmned |
| 008 - FIXED-LENGTH DATA ELEMENTS--GENERAL INFORMATION | |
| fixed length control field | 130614s2013 mdunnnn f n eng d |
| 020 ## - INTERNATIONAL STANDARD BOOK NUMBER | |
| International Standard Book Number | 9781470389079 |
| 040 ## - CATALOGING SOURCE | |
| Original cataloging agency | CtWfDGI |
| Language of cataloging | eng |
| Transcribing agency | CtWfDGI |
| Description conventions | rda |
| 082 04 - DEWEY DECIMAL CLASSIFICATION NUMBER | |
| Classification number | CD Hannon |
| 092 ## - LOCALLY ASSIGNED DEWEY CALL NUMBER (OCLC) | |
| Classification number | CD Hannon |
| 100 1# - MAIN ENTRY--PERSONAL NAME | |
| Personal name | Hannon, Irene. |
| 9 (RLIN) | 42887 |
| 245 10 - TITLE STATEMENT | |
| Title | Trapped |
| Medium | [sound recording] / |
| Statement of responsibility, etc | Irene Hannon. |
| 250 ## - EDITION STATEMENT | |
| Edition statement | Unabridged. |
| 260 ## - PUBLICATION, DISTRIBUTION, ETC. (IMPRINT) | |
| Place of publication, distribution, etc | Prince Frederick, MD : |
| Name of publisher, distributor, etc | Recorded Books, |
| Date of publication, distribution, etc | p2013. |
| 264 ## - Production, Publication, Distribution, Manufacture, and Copyright Notice. | |
| Place of production, publication, distribution, manufacture | Prince Frederick, MD : |
| Name of producer, publisher, distributor, manufacturer | Recorded Books, |
| Date of production, publication, distribution, manufacture, or copyr | p2013. |
| 300 ## - PHYSICAL DESCRIPTION | |
| Extent | 11 sound discs (13 hr., 15 min.) : |
| Other physical details | digital ; |
| Dimensions | 4 3/4 in. |
| 336 ## - Content Type | |
| Content type term | spoken word |
| 337 ## - Media type | |
| Media type term | audio |
| 338 ## - Carrier type | |
| Carrier type term | audio disc |
| 490 1# - SERIES STATEMENT | |
| Series statement | A private justice novel ; |
| Volume number/sequential designation | #2 |
| 500 ## - GENERAL NOTE | |
| General note | Compact disc. |
| 511 0# - PARTICIPANT OR PERFORMER NOTE | |
| Participant or performer note | Narrated by Celeste Ciulla. |
| 520 ## - SUMMARY, ETC. | |
| Summary, etc | When librarian Laura Griffith's younger sister disappears on a frigid February day, leaving only a brief note behind, Laura resolves to do whatever it takes to track down the runaway teen. That includes recruiting ATF agent turned PI James "Dev" Devlin to help. But the deeper he digs, the more he begins to suspect that something sinister is at work in the disappearance. And the closer he gets to uncovering the truth, the clearer it becomes that the situation isn't just dangerous--it's deadly. |
| 650 #0 - SUBJECT ADDED ENTRY--TOPICAL TERM | |
| Topical term or geographic name as entry element | Women journalists |
| Form subdivision | Fiction. |
| 9 (RLIN) | 5677282 |
| 650 #0 - SUBJECT ADDED ENTRY--TOPICAL TERM | |
| Topical term or geographic name as entry element | Private investigators |
| Form subdivision | Fiction. |
| 9 (RLIN) | 5674912 |
| 800 1# - SERIES ADDED ENTRY--PERSONAL NAME | |
| Personal name | Hannon, Irene. |
| Title of a work | Private justice ; |
| Volume/sequential designation | #2. |
| 9 (RLIN) | 5876305 |
| 942 ## - ADDED ENTRY ELEMENTS (KOHA) | |
| Koha item type | Audiobook on CD |
| Source of classification or shelving scheme | Dewey Decimal Classification |
| Withdrawn status | Lost status | Source of classification or shelving scheme | Materials specified (bound volume or other part) | Damaged status | Not for loan | Collection code | Home library | Current library | Shelving location | Date acquired | Source of acquisition | Cost, normal purchase price | Total Checkouts | Total Renewals | Full call number | Barcode | Date last seen | Date checked out | Cost, replacement price | Price effective from | Koha item type |
|---|---|---|---|---|---|---|---|---|---|---|---|---|---|---|---|---|---|---|---|---|---|
| Dewey Decimal Classification | .CIRCNOTE. 11 discs | Audiobooks | Wasatch County Library | Wasatch County Library | Second Floor | 12/04/2013 | 123.95 | 14 | 3 | CD Han | 34301001270133 | 03/07/2024 | 11/28/2022 | 123.95 | 03/20/2020 | Audiobook on CD |
